Контракты и условия с авторами пьес на выдачу им поспектакльной платы и единовременного вознаграждения

Доступно только в Электронных читальных залах Найти на картеНа карте
RUSMARC
00004541nmc2a22002773x 450
001b3bb37c1-f736-47f9-a7d1-5e1d388f2c5d
00520230325164721.0
100##$a20220812l18831883k l0rusy0189 ca
1010#$arus
102##$aRU
105##$ay###
1222#$ad
2001#$aКонтракты и условия с авторами пьес на выдачу им поспектакльной платы и единовременного вознаграждения
$j7 января - 21 декабря 1883 г.
215##$a58 л.
$d36,5х26 см
251##$cДело
300##$aРаспорядительное отделение. Контракты с авторами
300##$aНа бланке обложки указано: "Дело Санкт-Петербургской конторы императорских театров"
300##$aОриг. заголовок дела: Дело о принятии в Дирекцию от авторов пьес на поспектакльную плату и за единовременное вознаграждение. 7 января 1883 г. - 21 декабря 1883 г
371##$aДокумент не является опубликованным и широко распространяемым
461#0$10019264ebf8-de62-4f1a-9eb4-9f22098dbbd5
$12001
$aДирекция императорских театров Министерства императорского двора
$1251
$cФонд
$1852
$j497
462#0$1001106b0822-e2dd-4dea-9808-30312f6803e1
$12001
$aДела распорядительного отделения, постановочной и монтировочной части, хозяйственной части, счетного отделения, Театрально-литературного комитета и Московского отделения комитета; Оперного комитета, Хозяйственного комитета, комиссии по пересмотру штатов артистической службы, редакции "Ежегодника" императорских театров
$1251
$cОпись
$1852
$j14
5171#$aДело о принятии в Дирекцию от авторов пьес на поспектакльную плату и за единовременное вознаграждение. 7 января 1883 г. - 21 декабря 1883 г
801#0$aRU
$bРГИА
$c20220812
$gRCR
801#1$aRU
$bГлавНИВЦ
$c20220812
$2rusmarc
801#2$aRU
$bПБ им. Б.Н. Ельцина
$c20230325
$gRCR
$2rusmarc
850##$aРГИА
852##$aРГИА
$eФедеральное казенное учреждение "Российский государственный исторический архив" (РГИА)
$j7
937##$hРГИА
$d12390906
$aASBIBLIO_SCAN
035##$aRusGRCC00053011
856##$uhttp://readingroom.main.prlib.ru/item.aspx?id_node=n184381862&mode=full
Формат отображения